000 00742nam a2200229 i 4500
001 000009893
003 DO-SdBNP
005 20240412074213.0
008 091002s1998 dr 001 p spa d
040 _aDO-SdBNP
_bspa
_cBNPHU
082 4 _aRD861.44
_bC957p
_222
100 1 _aCruz Pascual, Francisco
_d1956-
_924825
245 1 0 _aPlegaria a febrero y otros amores /
_cFrancisco Cruz Pascual.
260 _aSanto Domingo :
_bImpretur,
_c1998.
300 _a109 p. ;
_c19 cm.
500 _aIncluye datos biográficos del autor en la solapa de la cubierta
590 _aInventariado, 2023/MFF
650 4 _aPoesía dominicana
_966
650 0 _aLiteratura dominicana.
_967
910 _aValidado. Control de calidad MFF
942 _2ddc
_cLBS1
999 _c9652
_d9652